Sports Quiz

Random Sports or NFL Quiz

Starting runningbacks in the NFL Quiz Stats

Quiz not verified by Sporcle

Challenge
Share
Tweet
Embed
Score 0/32 Timer 10:00
0 Plays Today
% Correct
Ray Rice
87%
Deangelo Williams
85.6%
Chris Johnson
85.6%
Adrian Peterson
83.6%
Thomas Jones
83.6%
Steven Jackson
83.6%
Matt Forte
81.9%
Maurice Jones Drew
79.6%
Carnell Williams
79.3%
Frank Gore
78.6%
Joseph Addai
78.3%
Michael Turner
76.9%
Marshawn Lynch
76.9%
Marion Barber
76.6%
LaDainian Tomlinson
75.6%
Ryan Grant
75.3%
% Correct
Pierre Thomas
75.3%
Cedric Benson
74.9%
Ronnie Brown
74.9%
Tim Hightower
73.9%
Brandon Jacobs
73.9%
Brian Westbrook
72.6%
Clinton Portis
72.6%
Darren McFadden
70.6%
Rashard Mendenhall
70.6%
Jamaal Charles
68.2%
Steve Slaton
66.6%
Knowshon Moreno
63.5%
Kevin Smith
61.9%
Lawrence Maroney
60.5%
Jerome Harrison
46.8%
Justin Forsett
34.8%

You're not logged in!

Compare scores with friends on all Sporcle quizzes.
Sign Up with Email
OR
Log In

You Might Also Like...

Show Comments

Extras

Top Quizzes Today


Score Distribution

Your Account Isn't Verified!

In order to create a playlist on Sporcle, you need to verify the email address you used during registration. Go to your Sporcle Settings to finish the process.

Report this User

Report this user for behavior that violates our Community Guidelines.

Details: